000 00257nam a2200097Ia 4500
008 240331s9999 xx 000 0 und d
082 _bKOD
100 _aKodikara,C
245 4 _aThe struggle for equal political representation of women in Sri Lanka
942 _cL
999 _c5410
_d5410